000 00540nam a2200181Ia 4500
003 GCL
008 140319s9999 xx 000 0 ara d
040 _aGCL /
_cGCL
082 0 4 _a811.009
_bح ك
100 1 _aحاتم الصكر
245 1 0 _aكتابة الذات : دراسات فى وقائعية الشعر /
_cحاتم الصكر
260 _a[S.N] :
_bدار الشروق ،
_c1994
490 _a
650 0 4 _aالشعر العربى
650 0 4 _aالادب العربى
650 0 4 _aتاريخ ونقد
942 _2ddc
_cBK
999 _c31661
_d31661